书目信息 |
| 题名: |
中国手语日常会话速成
|
|
| 作者: | 杜银玲 主编 | |
| 分册: | ||
| 出版信息: | 北京 电子工业出版社 2016.05 |
|
| 页数: | 280页 | |
| 开本: | 23cm | |
| 丛书名: | ||
| 单 册: | ||
| 中图分类: | H126.3 | |
| 科图分类: | ||
| 主题词: | 手势语--shou shi yu--中国 | |
| 电子资源: | ||
| ISBN: | 978-7-121-28318-5 | |
| 000 | 00888nam0 2200241 450 | |
| 001 | 0109110119 | |
| 005 | 20201109110335.0 | |
| 010 | @a978-7-121-28318-5@dCNY79.00 | |
| 100 | @a20160523e20192016em y0chiy0110 ea | |
| 101 | 0 | @achi |
| 102 | @aCN@b110000 | |
| 105 | @aa z 000yy | |
| 106 | @ar | |
| 200 | 1 | @a中国手语日常会话速成@Azhong guo shou yu ri chang hui hua su cheng@f杜银玲主编 |
| 210 | @a北京@c电子工业出版社@d2016.05@h2019.01 | |
| 215 | @a280页@c彩图@d23cm | |
| 300 | @a乐享生活达人课堂系列 | |
| 330 | @a本书具体内容包括见面问候、表达情感、谈天说地、聚会用餐、居家生活、出外就餐、学校教育、恋爱和婚姻、人在职场、旅游等10章,介绍手语日常会话,并在每章后面加入手语元素(手语歌、手语操、手语游戏等)。 | |
| 606 | 0 | @a手势语@Ashou shi yu@y中国 |
| 690 | @aH126.3@v5 | |
| 701 | 0 | @a杜银玲@Adu yin ling@4主编 |
| 801 | 0 | @aCN@bBJSZM@c20201103 |
| 905 | @b1267273-6@dH126.3@e72@f4 | |
| 中国手语日常会话速成/杜银玲主编.-北京:电子工业出版社,2016.05(2019.01) |
| 280页:彩图;23cm |
| 乐享生活达人课堂系列 |
| ISBN 978-7-121-28318-5:CNY79.00 |
| 本书具体内容包括见面问候、表达情感、谈天说地、聚会用餐、居家生活、出外就餐、学校教育、恋爱和婚姻、人在职场、旅游等10章,介绍手语日常会话,并在每章后面加入手语元素(手语歌、手语操、手语游戏等)。 |
| ● |
| 相关链接 |
|
|
|
|
正题名:中国手语日常会话速成
索取号:H126.3/72
 
预约/预借
| 序号 | 登录号 | 条形码 | 馆藏地/架位号 | 状态 | 备注 |
| 1 | 1267273 | 212672730 | 第二样本阅览室/ [索取号:H126.3/72] | 在馆 | |
| 2 | 1267274 | 212672749 | 教育系资料室/ [索取号:H126.3/72] | 在馆 | |
| 3 | 1267275 | 212672758 | 教育系资料室/ [索取号:H126.3/72] | 在馆 | |
| 4 | 1267276 | 212672767 | 第四借阅区/ [索取号:H126.3/72] | 在馆 |